| 000 | 00781nam a2200229Ia 4500 | ||
|---|---|---|---|
| 003 | GCL | ||
| 008 | 140319s9999 xx 000 0 ara d | ||
| 040 |
_aGCL / _cGCL |
||
| 082 | 0 | 4 | _a344.01ع د |
| 100 | 1 | _aعنتر عامر | |
| 245 | 1 | 0 |
_aدليل السلطان والاختصاصات فى ظل احكام قوانين العاملين بالقطاع العام / _cعنتر عامر |
| 260 |
_a[S.N] : _bلجنة الاعلام والدراسات المستقبلية |
||
| 300 | _a142 ص | ||
| 490 | _a | ||
| 650 | 0 | 4 | _aالقانون |
| 650 | 0 | 4 | _aالقطاع العام |
| 650 | 0 | 4 | _aالعمل والعمال |
| 650 | 0 | 4 | _aساعات العمل |
| 650 | 0 | 4 | _aالمنازعات العمالية |
| 650 | 0 | 4 | _aالمحاكم التادبية |
| 942 |
_2ddc _cBK |
||
| 999 |
_c30750 _d30750 |
||